| 000 | 00706cam a22002653a 4500 | ||
|---|---|---|---|
| 001 | 546 | ||
| 003 | PGUSA | ||
| 005 | 20140828082949.0 | ||
| 008 | 960601s1996||||xxu|||||s|||||000 1 eng d | ||
| 040 |
_aPGUSA _beng |
||
| 042 | _adc | ||
| 050 | 4 | _aPS | |
| 100 | 1 |
_aStout, Rex, _d1886-1975 |
|
| 245 | 1 | 0 |
_aUnder the Andes _h[electronic resource] / _cRex Stout |
| 260 |
_bProject Gutenberg, _c1996 |
||
| 506 | _aPublic domain in the USA. | ||
| 516 | _aElectronic text | ||
| 653 | _aIncas -- Fiction | ||
| 653 | _aBrothers -- Fiction | ||
| 653 | _aAdventure stories | ||
| 653 | _aAndes -- Fiction | ||
| 830 | 0 |
_aProject Gutenberg _v546 |
|
| 856 | 4 | 0 | _uhttp://www.gutenberg.org/ebooks/546 |
| 942 | _cEB | ||
| 999 |
_c229897 _d229897 |
||